Normal view
MARC view
Entry Topical Term
001 - CONTROL NUMBER
- control field: 6551
003 - CONTROL NUMBER IDENTIFIER
- control field: TZ-ArACH
005 - DATE AND TIME OF LATEST TRANSACTION
- control field: 20120917115419.0
008 - FIXED-LENGTH DATA ELEMENTS
- fixed length control field: 120917|||a|||||| | ||| d
040 ## - CATALOGING SOURCE
- Original cataloging agency: TZ-ArACH
- Transcribing agency: TZ-ArACH
150 ## - HEADING--TOPICAL TERM
- Topical term or geographic name as entry element: français (langue)
- General subdivision: mots et locutions
- General subdivision: dictionnaires.
670 ## - SOURCE DATA FOUND
- Source citation: Work cat.: (TZ-ArACH)1838: Rey, Alain. 6539, Dictionnaire des expressions et locutions /, 2003.
670 ## - SOURCE DATA FOUND
- Source citation: Work cat.: (TZ-ArACH)1838: Rey, Alain. 6539, Dictionnaire des expressions et locutions /, 2003.
